000 00285nam a22001337a 4500
008 170411b xxu||||| |||| 00| 0 eng d
020 _a00955108
041 _aeng
080 _a618
100 _a10
101 _ashm
245 _aclinics perinatology
_csibai.b.m
942 _2udc
_cBK
999 _c10401
_d10401